| 000 | 00412nam a22001697a 4500 | ||
|---|---|---|---|
| 005 | 20160429120836.0 | ||
| 008 | 160429b xxu||||| |||| 00| 0 eng d | ||
| 020 | _a0-07-460482-1 | ||
| 041 | _aeng | ||
| 082 | _b00826 | ||
| 100 |
_aDonovan, John J. _9235 |
||
| 245 | _aSystem Programming | ||
| 260 |
_aNew Delhi _bTMH Publ.co.Ltd. _c2003 |
||
| 300 | _a488 | ||
| 650 |
_aInformation Technology _9137 |
||
| 942 | _cBK | ||
| 999 |
_c270 _d270 |
||